ბათუმის შოთა რუსთაველის სახელმწიფო უნივერსიტეტის ბიბლიოთეკა

საქართველოს კანონი : საქართველოს სისხლის სამართლის კოდექსი : (ბიბ.ჩანაწერი № 53880)

000 -ლიდერი
ფიქსირებული სიგრძის საკონტროლო ველი 01158nam a2200229Ia 4500
001 - საკონტროლო ნომერი
საკონტროლო ველი 20931
003 - საკონტროლო ნომრის იდენტიფიკატორი
საკონტროლო ველი GE_BSU
005 - ბოლო ოპერაციის თარიღი და დრო
საკონტროლო ველი 20210624172722.0
008 - ფიქსირებული სიგრძის მონაცემთა ელემენტები - ზოგადი ინფორმაცია
ფიქსირებული სიგრძის საკონტროლო ველი 181216s||||||||xx |||||||||||||| ||und||
020 ## - წიგნის საერთაშორისო სტანდარტული ნომერი
International Standard Book Number 9789941934179
040 ## - კატალოგიზაციის წყარო
Transcribing agency GE_BSU
041 ## - ენის კოდი
Language code of text/sound track or separate title geo
080 ## - უნივერსალური ათობითი კლასიფიკაციის ინდექსი
Universal Decimal Classification number 343(479.22)(094.4) ს–32
245 ## - ცნობა სათაურის შესახებ
Title საქართველოს კანონი : საქართველოს სისხლის სამართლის კოდექსი :
Remainder of title ზოგადი ნაწილი 2017 წლის 5 აპრილის მდგომარეობით ანბანურ - საგნობრივი საძიებლით.
264 ## - წარმოების, გამოცემის, დისტრიბუციის და სხვა ცნობები
გამოცემის, წარმოების, დისტრიბუციის... ადგილი თბილისი :
გამოცემის, წარმოების, დისტრიბუციის... სახელწოდება იურისტების სამყარო,
გამოცემის, წარმოების, დისტრიბუციის... თარიღი 2017.
300 ## - ფიზიკური აღწერა
Extent 305 გვ. :
Other physical details ზამბარიანი აკინძვით ;
Dimensions 20 სმ.
653 ## - INDEX TERM--UNCONTROLLED
Uncontrolled term სამართალი
653 ## - INDEX TERM--UNCONTROLLED
Uncontrolled term საქართველოს კანონი
653 ## - INDEX TERM--UNCONTROLLED
Uncontrolled term საქართველოს სისხლის სამართლის კოდექსი
942 ## - ADDED ENTRY ELEMENTS (KOHA)
Koha item type წიგნი
Source of classification or shelving scheme
ეგზემპლარები
ჩამოწერის სტატუსი დაკარგული ეგზემპლარის სტატუსი კლასიფიკაციის წყარო ან თაროზე გაწყობის სქემა დაზიანების სტატუსი არ გაიცემა მუდმივი მდებარეობა (დაცვის ადგილი) ამჟამინდელი ადგილსამყოფელი თაროზე განთავსების ადგილი შეძენის თარიღი ღირებულება, შესყიდვის ნორმალური ფასი სრული შენახვის შიფრი შტრიხკოდი ბოლო ოპერაციის თარიღი ეგზემპლარის მიმდევრობითი ნომერი (კეტერი?) ფასის ძალაში შესვლის თარიღი ეგზემპლარის სახეობა საჯარო შენიშვნა
          ბათუმის შოთა რუსთაველის სახელმწიფო უნივერსიტეტის მთავარი ბიბლიოთეკა ბათუმის შოთა რუსთაველის სახელმწიფო უნივერსიტეტის მთავარი ბიბლიოთეკა წიგნსაცავი 2018-12-17 9.00 343(479.22)(094.4) ს–32 54552 2018-12-17 54552 2018-12-17 წიგნი 9.00 ₾.
          ბათუმის შოთა რუსთაველის სახელმწიფო უნივერსიტეტის მთავარი ბიბლიოთეკა ბათუმის შოთა რუსთაველის სახელმწიფო უნივერსიტეტის მთავარი ბიბლიოთეკა წიგნსაცავი 2018-12-17 9.00 343(479.22)(094.4) ს–32 54553 2018-12-17 54553 2018-12-17 წიგნი 9.00 ₾.